[Event "Dortmund ABC Serie A-21"]
[Site "Dortmund"]
[Date "2004.05.21"]
[Round "7"]
[White "Gerke, Dieter"]
[Black "Demirhan, Esen"]
[Result "1-0"]
[WhiteElo "1526"]
[BlackElo "1376"]
[PlyCount "115"]
[EventDate "2004.04.21"]
[EventType "tourn"]
[EventRounds "11"]
[EventCountry "GER"]
[SourceTitle "EXT 2006"]
[Source "ChessBase"]
[SourceDate "2005.11.24"]
[SourceVersion "1"]
[SourceVersionDate "2005.11.24"]
[SourceQuality "1"]

1. d4 d5 2. c4 c6 3. Nc3 Be6 4. cxd5 cxd5 5. Nf3 Nf6 6. e3 a6 7. Be2 Nc6 8. 0-0 Qc8 9. Bd2 Bg4 10. Rc1 Qd7 11. Na4 Qf5 12. Nb6 Rd8 13. Qa4 Nd7 14. Rxc6 bxc6 15. Qxc6 Bxf3 16. Bxf3 Qf6 17. Bxd5 Qxc6 18. Bxc6 e6 19. Rc1 Bd6 20. Nxd7 Rxd7 21. Bxd7+ Kxd7 22. b3 g6 23. e4 f6 24. Rc4 Rb8 25. f4 Bc7 26. Kf2 e5 27. Kf3 Rf8 28. g3 g5 29. f5 h5 30. d5 g4+ 31. Kg2 Rb8 32. Rc6 Rb6 33. Rxb6 Bxb6 34. b4 Kc8 35. Bh6 Kb7 36. Bf8 Bd4 37. Bc5 Bc3 38. Kf2 Kc7 39. Ke2 Kd7 40. Kd3 Be1 41. Kc4 Bd2 42. a4 Be1 43. b5 axb5+ 44. Kxb5 h4 45. gxh4 Bxh4 46. a5 Kc8 47. a6 g3 48. hxg3 Bxg3 49. Be7 Bh4 50. Kc6 Kb8 51. d6 Be1 52. Bxf6 Ba5 53. Bxe5 Ka7 54. Kb5 Bd8 55. f6 Kb8 56. f7 Kc8 57. f8Q Kd7 58. Qf7+ 1-0

[Event "Dortmund ABC Serie A-21"]
[Site "Dortmund"]
[Date "2004.05.07"]
[Round "4"]
[White "Wilms, Christoph"]
[Black "Demirhan, Esen"]
[Result "0-1"]
[WhiteElo "1330"]
[BlackElo "1376"]
[PlyCount "32"]
[EventDate "2004.04.21"]
[EventType "tourn"]
[EventRounds "11"]
[EventCountry "GER"]
[SourceTitle "EXT 2006"]
[Source "ChessBase"]
[SourceDate "2005.11.24"]
[SourceVersion "1"]
[SourceVersionDate "2005.11.24"]
[SourceQuality "1"]

1. d4 c5 2. d5 d6 3. c4 g6 4. Nf3 Bg7 5. g3 Nf6 6. Bg2 Nbd7 7. Bf4 0-0 8. Qc2 Re8 9. 0-0 a6 10. Nc3 Rb8 11. a4 Nb6 12. a5 Nxc4 13. Qd3 b5 14. b3 Nxa5 15. Rab1 b4 16. Nd1 Bf5 0-1

[Event "Dortmund ABC Serie A-21"]
[Site "Dortmund"]
[Date "2004.04.30"]
[Round "3"]
[White "Demirhan, Esen"]
[Black "Zaremba, Joerg"]
[Result "1-0"]
[WhiteElo "1376"]
[BlackElo "1476"]
[PlyCount "128"]
[EventDate "2004.04.21"]
[EventType "tourn"]
[EventRounds "11"]
[EventCountry "GER"]
[SourceTitle "EXT 2006"]
[Source "ChessBase"]
[SourceDate "2005.11.24"]
[SourceVersion "1"]
[SourceVersionDate "2005.11.24"]
[SourceQuality "1"]

1. e4 c5 2. Nf3 Nc6 3. g3 g6 4. Bg2 Bg7 5. 0-0 d6 6. c3 Qb6 7. Na3 Qc7 8. Re1 a6 9. d4 cxd4 10. Nxd4 Nf6 11. Nxc6 bxc6 12. Nc4 0-0 13. e5 dxe5 14. Nxe5 Nd5 15. Nxc6 e6 16. Bxd5 exd5 17. Ne7+ Kh8 18. Nxc8 Raxc8 19. Qxd5 Rfd8 20. Qf3 Qc4 21. Bg5 Rd3 22. Re3 Rxe3 23. Qxe3 Qd5 24. h4 Kg8 25. Qe2 a5 26. a4 Rb8 27. Rd1 Qa8 28. Qd2 Qc6 29. Qc2 h6 30. Rd8+ Rxd8 31. Bxd8 Qc5 32. Qe4 Be5 33. Kg2 Kh7 34. h5 Bg7 35. hxg6+ fxg6 36. Qb7 Qf5 37. Qa8 Qc2 38. Bxa5 Qxa4 39. Qa7 Qb3 40. Qb6 Qd5+ 41. Kf1 Qd1+ 42. Kg2 Qd5+ 43. f3 Qd2+ 44. Qf2 Qd3 45. Bb6 Bf8 46. Bd4 Bd6 47. b4 Qc4 48. f4 h5 49. Qf3 Qa2+ 50. Bf2 Kh6 51. b5 Bc5 52. f5 Bxf2 53. Qf4+ Kh7 54. fxg6+ Kxg6 55. Qxf2 Qd5+ 56. Qf3 Qxb5 57. Qe4+ Kf6 58. c4 Qb2+ 59. Kh3 Qd2 60. Qf4+ Qxf4 61. gxf4 Kf5 62. c5 Kxf4 63. c6 Ke5 64. c7 Kd6 1-0

[Event "Dortmund ABC Serie A-21"]
[Site "Dortmund"]
[Date "2004.04.24"]
[Round "2"]
[White "Grawe, Herbert"]
[Black "Demirhan, Esen"]
[Result "0-1"]
[WhiteElo "1422"]
[BlackElo "1376"]
[PlyCount "94"]
[EventDate "2004.04.21"]
[EventType "tourn"]
[EventRounds "11"]
[EventCountry "GER"]
[SourceTitle "EXT 2006"]
[Source "ChessBase"]
[SourceDate "2005.11.24"]
[SourceVersion "1"]
[SourceVersionDate "2005.11.24"]
[SourceQuality "1"]

1. d4 d5 2. f3 Nf6 3. Nc3 e6 4. e4 dxe4 5. fxe4 Bb4 6. Nf3 Nxe4 7. Qd3 Nxc3 8. bxc3 Be7 9. Be2 Bh4+ 10. g3 Bf6 11. 0-0 Nc6 12. Rb1 b6 13. Bf4 Bb7 14. Qe3 0-0 15. Rbd1 Ne7 16. c4 Nf5 17. Qd3 c5 18. d5 Nd4 19. Nxd4 Bxd4+ 20. Be3 Bxe3+ 21. Qxe3 exd5 22. Qf4 d4 23. c3 Qe7 24. cxd4 Qxe2 25. d5 Rae8 26. Rde1 Qh5 27. g4 Qg6 28. h4 h5 29. g5 Rxe1 30. Rxe1 b5 31. d6 Qc2 32. Qg3 Qxc4 33. d7 Qd4+ 34. Qe3 Qxd7 35. Qe2 Qg4+ 36. Qxg4 hxg4 37. Re7 Rb8 38. Kh2 a5 39. Kg3 Bf3 40. h5 a4 41. g6 fxg6 42. hxg6 Rc8 43. Kf4 c4 44. Ke5 c3 45. Kd6 c2 46. Kd7 c1Q 47. Rxg7+ Kxg7 0-1

[Event "Dortmund7"]
[Site "Dortmund"]
[Date "2003.11.26"]
[Round "12"]
[White "Demirhan, Esen"]
[Black "Mueller, Siegfried"]
[Result "1-0"]
[WhiteElo "1501"]
[BlackElo "1412"]
[PlyCount "83"]
[EventDate "2003.10.01"]
[EventType "tourn"]
[EventRounds "13"]
[EventCountry "GER"]
[SourceTitle "EXT 2007"]
[Source "ChessBase"]
[SourceDate "2006.11.23"]
[SourceVersion "1"]
[SourceVersionDate "2006.11.23"]
[SourceQuality "1"]

1. e4 c5 2. Nf3 Nc6 3. Nc3 g6 4. Bb5 Bg7 5. 0-0 a6 6. Bxc6 bxc6 7. Rb1 d6 8. d3 Nf6 9. Be3 0-0 10. e5 Nd5 11. Nxd5 cxd5 12. exd6 exd6 13. h3 Rb8 14. d4 c4 15. c3 Bf5 16. b4 Bxb1 17. Qxb1 Qd7 18. Nh2 a5 19. a3 Qa4 20. Qc1 axb4 21. axb4 Rfe8 22. Bf4 Re6 23. Ng4 Rbe8 24. Ne3 Qb5 25. Qd1 Ra8 26. Qf3 Re4 27. Bxd6 Ra3 28. Rc1 f5 29. Bc5 Qd7 30. b5 Rb3 31. b6 Bf8 32. Ng4 Qe6 33. Ne3 Bxc5 34. dxc5 Rb5 35. Ra1 Qc6 36. Ra7 Qxc5 37. Nxf5 Rb1+ 38. Kh2 Rxb6 39. Nh6+ Kh8 40. Qf7 Qd6+ 41. g3 Qxg3+ 42. Kxg3 1-0

[Event "Dortmund7"]
[Site "Dortmund"]
[Date "2003.11.14"]
[Round "9"]
[White "Grawe, Herbert"]
[Black "Demirhan, Esen"]
[Result "1-0"]
[WhiteElo "1459"]
[BlackElo "1501"]
[PlyCount "52"]
[EventDate "2003.10.01"]
[EventType "tourn"]
[EventRounds "13"]
[EventCountry "GER"]
[SourceTitle "EXT 2007"]
[Source "ChessBase"]
[SourceDate "2006.11.23"]
[SourceVersion "1"]
[SourceVersionDate "2006.11.23"]
[SourceQuality "1"]

1. d4 c5 2. d5 Nf6 3. c4 Na6 4. Nc3 Nc7 5. e4 h6 6. e5 Nh7 7. Bd3 d6 8. Qc2 g6 9. Bxg6 Ng5 10. f4 Rg8 11. Bd3 dxe5 12. fxg5 hxg5 13. Nf3 Qd6 14. Ne4 Qb6 15. Nxe5 Bf5 16. 0-0 Bxe4 17. Bxe4 f6 18. Bg6+ Kd8 19. Nf7+ Kc8 20. Rf3 Kb8 21. Rb3 Qa6 22. Nd8 Kc8 23. Nxb7 Rb8 24. Nxc5 Qa5 25. Rxb8+ Kxb8 26. Qb3+ Qb6 1-0

[Event "Dortmund7"]
[Site "Dortmund"]
[Date "2003.10.15"]
[Round "3"]
[White "Lischer, Thorsten"]
[Black "Demirhan, Esen"]
[Result "0-1"]
[WhiteElo "1497"]
[BlackElo "1383"]
[PlyCount "48"]
[EventDate "2003.10.01"]
[EventType "tourn"]
[EventRounds "13"]
[EventCountry "GER"]
[SourceTitle "EXT 2007"]
[Source "ChessBase"]
[SourceDate "2006.11.23"]
[SourceVersion "1"]
[SourceVersionDate "2006.11.23"]
[SourceQuality "1"]

1. d4 c5 2. d5 Nf6 3. c4 d6 4. Nc3 e6 5. e4 exd5 6. exd5 Be7 7. Be2 0-0 8. h3 Nbd7 9. Nf3 Nh5 10. 0-0 Re8 11. Be3 Nf8 12. Bd3 Ng6 13. Qd2 Nh4 14. Nh2 f5 15. Qc2 Rf8 16. Be2 Qe8 17. Bxh5 Qxh5 18. f4 Bd7 19. Rae1 Rae8 20. a3 Rf6 21. Nf3 Rg6 22. Nxh4 Qxh4 23. Kh1 Bf6 24. Rf3 Qxe1+ 0-1

[Event "Dortmund2"]
[Site "Dortmund"]
[Date "2002.05.22"]
[Round "9"]
[White "Demirhan, Esen"]
[Black "Krueger, Inge"]
[Result "1-0"]
[WhiteElo "1418"]
[BlackElo "1436"]
[PlyCount "65"]
[EventDate "2002.04.10"]
[EventType "tourn"]
[EventRounds "13"]
[EventCountry "GER"]
[SourceTitle "EXT 2007"]
[Source "ChessBase"]
[SourceDate "2006.11.23"]
[SourceVersion "1"]
[SourceVersionDate "2006.11.23"]
[SourceQuality "1"]

1. c4 Nf6 2. d4 d5 3. Nc3 e6 4. a3 Be7 5. g3 0-0 6. cxd5 exd5 7. Bg2 c6 8. Nf3 Bf5 9. Nh4 Be6 10. 0-0 Nbd7 11. Qc2 Qc7 12. Nf5 Bxf5 13. Qxf5 Bd6 14. e4 dxe4 15. Nxe4 Nxe4 16. Bxe4 Nf6 17. Bg5 Nxe4 18. Qxe4 Rae8 19. Qd3 h6 20. Bd2 Re7 21. b4 a6 22. Rac1 b5 23. Rfe1 Rfe8 24. Rxe7 Rxe7 25. d5 c5 26. bxc5 Bxc5 27. Bb4 Qc8 28. Rxc5 Rc7 29. Qe3 Rxc5 30. Qxc5 Qxc5 31. Bxc5 f5 32. d6 Kf7 33. d7 1-0

[Event "Dortmund2"]
[Site "Dortmund"]
[Date "2002.05.17"]
[Round "8"]
[White "Koch, Daniel"]
[Black "Demirhan, Esen"]
[Result "1-0"]
[WhiteElo "1465"]
[BlackElo "1418"]
[PlyCount "85"]
[EventDate "2002.04.10"]
[EventType "tourn"]
[EventRounds "13"]
[EventCountry "GER"]
[SourceTitle "EXT 2007"]
[Source "ChessBase"]
[SourceDate "2006.11.23"]
[SourceVersion "1"]
[SourceVersionDate "2006.11.23"]
[SourceQuality "1"]

1. f4 d5 2. Nf3 c5 3. e3 Nf6 4. Be2 Nc6 5. d3 h6 6. 0-0 e6 7. Ne5 Bd6 8. Nxc6 bxc6 9. Nd2 0-0 10. Nf3 Re8 11. b3 e5 12. fxe5 Bxe5 13. Nxe5 Rxe5 14. Qd2 Rg5 15. Bb2 Kh7 16. Rf2 Qd6 17. Raf1 d4 18. e4 Bg4 19. Bc1 Bxe2 20. Qxe2 Ng4 21. Bf4 Qg6 22. Rf3 Nf6 23. Bxg5 Qxg5 24. Rf5 Qg6 25. h3 Rc8 26. Rxc5 Qg3 27. Qf3 Qd6 28. Rf5 Kg8 29. e5 Qa3 30. exf6 g6 31. Re1 Qxa2 32. Re2 a5 33. Rc5 a4 34. bxa4 Qxa4 35. Rc4 Qa1+ 36. Kh2 Qb1 37. Qe4 h5 38. h4 c5 39. Rxc5 Qb8+ 40. Rc7 Qxc7+ 41. g3 Qb6 42. Qf4 Rc6 43. Qh6 1-0

[Event "Dortmund2"]
[Site "Dortmund"]
[Date "2002.04.24"]
[Round "4"]
[White "Gerke, Dieter"]
[Black "Demirhan, Esen"]
[Result "0-1"]
[WhiteElo "1477"]
[BlackElo "1418"]
[PlyCount "77"]
[EventDate "2002.04.10"]
[EventType "tourn"]
[EventRounds "13"]
[EventCountry "GER"]
[SourceTitle "EXT 2007"]
[Source "ChessBase"]
[SourceDate "2006.11.23"]
[SourceVersion "1"]
[SourceVersionDate "2006.11.23"]
[SourceQuality "1"]

1. d4 Nf6 2. c4 e6 3. Nc3 b6 4. Nf3 Bb7 5. e3 Bb4 6. Bd3 Bxc3+ 7. bxc3 a5 8. Ba3 d6 9. 0-0 0-0 10. Re1 h6 11. e4 Re8 12. Rb1 Nbd7 13. h3 Rb8 14. Nd2 c5 15. e5 dxe5 16. dxe5 Nxe5 17. Rxe5 Qxd3 18. Re3 Qd6 19. Qe1 Rbd8 20. Nb3 Qc6 21. Qf1 Rd7 22. f3 Red8 23. Qf2 a4 24. Nc1 Ba6 25. Qh4 Rd1+ 26. Kh2 R8d2 27. Qf4 Kh7 28. Qb8 Qd6+ 29. Qxd6 Rxd6 30. Bb2 Bxc4 31. a3 R6d2 32. Ba1 Rc2 33. Bb2 Rdd2 34. Kg3 Rxg2+ 35. Kf4 Nd5+ 36. Ke4 Nxe3 37. Kxe3 Rxb2 38. Ra1 e5 39. Nd3 0-1